Biblioteca y Centro de Documentación

Comentario a las modificaciones introducidas por la Directiva 2002/73/CE, de 23 de septiembre de 2002, en la aplicación del principio de igualdad de trato entre hombres y mujeres (Registro nro. 33589)

Detalles MARC
000 -CABECERA
Longitud fija campo de control 01464naa a2200325 c 4500
001 - NÚMERO DE CONTROL
Número de control 33589
003 - IDENTIFICADOR DE NÚMERO DE CONTROL
Identificador del número de control ES-MaCES
005 - FECHA Y HORA DE LA ÚLTIMA TRANSACCIÓN
Fecha y hora de la última transacción 20190511040035.0
008 - CAMPO FIJO DE DESCRIPCIÓN FIJA--INFORMACIÓN GENERAL
Códigos de información de longitud fija   031009n2003 sp t 000 | spa d
035 ## - NÚMERO DE CONTROL DEL SISTEMA
Número de control del sistema CES20030004992v
040 ## - FUENTE DE CATALOGACIÓN
Centro catalogador de origen ES-MaCES
Lengua de catalogación spa
Centro transcriptor ES-MaCES
100 1# - ENCABEZAMIENTO PRINCIPAL--NOMBRE PERSONAL
Nombre de persona Revilla Esteve, Eugenia
9 (RLIN) 21950
245 10 - MENCIÓN DE TÍTULO
Título Comentario a las modificaciones introducidas por la Directiva 2002/73/CE, de 23 de septiembre de 2002, en la aplicación del principio de igualdad de trato entre hombres y mujeres
Mención de responsabilidad, etc. Eugenia Revilla Esteve
610 14 - ASIENTO SECUNDARIO DE MATERIA--NOMBRE CORPORATIVO
Nombre de entidad corporativa o nombre de jurisdicción como elemento inicial Unión Europea
Título de la obra Directiva que modifica la Directiva 76/204/CEE del Consejo relativa a la aplicación del principio de igualdad de trato entre hombres y mujeres en lo que se refiere al acceso al empleo, a la formación y a la promoción profesionales, y a las condiciones de trabajo
Fecha del congreso o de la firma de un tratado 2002
9 (RLIN) 5110
650 #4 - ASIENTO SECUNDARIO DE MATERIA--TÉRMINO DE MATERIA
Término de materia o nombre geográfico como elemento inicial comentario
9 (RLIN) 28971
650 #4 - ASIENTO SECUNDARIO DE MATERIA--TÉRMINO DE MATERIA
Término de materia o nombre geográfico como elemento inicial Directiva de la CE
9 (RLIN) 29873
650 #4 - ASIENTO SECUNDARIO DE MATERIA--TÉRMINO DE MATERIA
Término de materia o nombre geográfico como elemento inicial condiciones de trabajo
9 (RLIN) 28327
650 #4 - ASIENTO SECUNDARIO DE MATERIA--TÉRMINO DE MATERIA
Término de materia o nombre geográfico como elemento inicial ascenso
9 (RLIN) 28217
650 #4 - ASIENTO SECUNDARIO DE MATERIA--TÉRMINO DE MATERIA
Término de materia o nombre geográfico como elemento inicial igualdad de oportunidades en el empleo
9 (RLIN) 30649
650 #4 - ASIENTO SECUNDARIO DE MATERIA--TÉRMINO DE MATERIA
Término de materia o nombre geográfico como elemento inicial igualdad de trato
9 (RLIN) 30147
650 #4 - ASIENTO SECUNDARIO DE MATERIA--TÉRMINO DE MATERIA
Término de materia o nombre geográfico como elemento inicial trabajadora
9 (RLIN) 28413
650 #4 - ASIENTO SECUNDARIO DE MATERIA--TÉRMINO DE MATERIA
Término de materia o nombre geográfico como elemento inicial mujeres
9 (RLIN) 28657
653 10 - TÉRMINO DE INDEXACIÓN--NO CONTROLADO
Término no controlado Mujer
650 #4 - ASIENTO SECUNDARIO DE MATERIA--TÉRMINO DE MATERIA
9 (RLIN) 27392
Término de materia o nombre geográfico como elemento inicial formación
650 #4 - ASIENTO SECUNDARIO DE MATERIA--TÉRMINO DE MATERIA
Término de materia o nombre geográfico como elemento inicial 2002
9 (RLIN) 36519
773 0# - ENTRADA DE DOCUMENTO FUENTE
Título Justicia laboral
Parte(s) relacionada(s) n. 14 (mayo 2003){55/866 R. 052644}; p. 35-59
Número de control del registro relacionado (ES-MaCES)25844
Itemnumber del ítem fuente 75433
902 ## - CES. TIPO DE DOCUMENTO
Tipodoc (006$c Sirtex) ART Artículo de revista
942 ## - ELEMENTOS KOHA
Fuente de clasificaión o esquema Clasificación propia del CES
Koha [por defecto] tipo de item Artículos (1982-2017)
Parte de clasificación 3.3.

No hay ítems disponibles.

© CES, Consejo Económico y Social de España 2021